000 00444nam a22001577a 4500
003 OSt
008 260513b |||||||| |||| 00| 0 eng d
020 _a9780367781583
082 _a595.7
_bG72H
100 _aGovorushko, Sergey
245 _aHuman Insect Interactions/
_bby Sergey Govorushko
260 _aBoca Raton:
_bCRC Press;
_c2020.
300 _axi, 428 p.
650 _aPure sciences | Zoological sciences | Insects
942 _2ddc
_cBK
999 _c50583
_d50583